[Event "ARG-ch Amateur U2000"]
[Site "La Falda"]
[Date "2015.12.06"]
[Round "3.3"]
[White "Lujan, Nelson"]
[Black "Ferian, Fernando"]
[Result "0-1"]
[WhiteElo "1897"]
[BlackElo "1966"]
[PlyCount "104"]
[EventDate "2015.12.05"]
[EventType "swiss"]
[EventRounds "9"]
[EventCountry "ARG"]
[SourceTitle "EXT 2024"]
[Source "ChessBase"]
[SourceDate "2023.10.10"]
[SourceVersion "1"]
[SourceVersionDate "2023.10.10"]
[SourceQuality "1"]

1. e4 e5 2. Nf3 Nc6 3. Bc4 Bc5 4. b4 Bxb4 5. c3 Ba5 6. Qb3 Qe7 7. 0-0 Nf6 8. d4 0-0 9. Ba3 d6 10. Nbd2 Bb6 11. dxe5 Nxe5 12. Nxe5 Qxe5 13. Nf3 Qxe4 14. Rae1 Qg6 15. Re7 Be6 16. Bxe6 fxe6 17. Qxe6+ Kh8 18. Nh4 Qg4 19. Nf5 Nh5 20. Nxg7 Rxf2 21. Rxf2 Qd1+ 22. Qe1 Qxe1+ 23. Rxe1 Nxg7 24. Kf1 Bxf2 25. Kxf2 Re8 26. Rb1 b6 27. Bc1 Kg8 28. Rb4 Re5 29. Ra4 a5 30. g4 Ne6 31. Be3 Nc5 32. Rd4 Ne4+ 33. Kf3 Nxc3 34. Rc4 Nd5 35. Bd4 Re1 36. h4 b5 37. Rc2 Kf7 38. Bf2 Ra1 39. h5 b4 40. Ke4 Rxa2 41. Rxa2 Nc3+ 42. Kd3 Nxa2 43. Kc4 a4 44. Bd4 c5 45. Ba1 Nc1 46. Bb2 Nb3 47. Bh8 Nd2+ 48. Kd3 Nf3 49. Ke4 Ne5 50. g5 a3 51. g6+ hxg6 52. h6 Kg8 0-1